| 000 | 00587nam a22001817a 4500 | ||
|---|---|---|---|
| 008 | 160420b xxu||||| |||| 00| 0 eng d | ||
| 020 | _a9719288572 | ||
| 082 |
_22006 _aDFil 363.258 _bV76 |
||
| 100 |
_96018 _aVinluan, Jesus B. |
||
| 245 |
_aAdvance techniques in dactyloscopy/ _cJesus B. Vinluan |
||
| 260 |
_aQuezon City: _bWiseman's Books Trading, _cc2006. |
||
| 300 |
_axvi, 257 pages: _billustrations; _c23 cm. |
||
| 500 | _aIncludes glossary and references. | ||
| 650 | 0 |
_96023 _aFingerprints |
|
| 700 |
_96024 _aBuenavista, Jose M., Jr. |
||
| 365 |
_b398.00 _cPhp. |
||
| 942 |
_2ddc _cBK |
||
| 999 |
_c1885 _d1885 |
||